Govt. of
Madhya Pradesh

मध्‍य प्रदेश एक परिचय 7वां संसकरण (Record no. 65170)

MARC details
000 -LEADER
fixed length control field 00341nam a2200109Ia 4500
008 - FIXED-LENGTH DATA ELEMENTS--GENERAL INFORMATION
fixed length control field 221009s9999 xx 000 0 und d
082 ## - DEWEY DECIMAL CLASSIFICATION NUMBER
Classification number 001
100 ## - MAIN ENTRY--PERSONAL NAME
Personal name राकेश गौतम
9 (RLIN) 69865
245 #0 - TITLE STATEMENT
Title मध्‍य प्रदेश एक परिचय 7वां संसकरण
260 ## - PUBLICATION, DISTRIBUTION, ETC. (IMPRINT)
Name of publisher, distributor, etc. Mcgraw Hill Education
942 ## - ADDED ENTRY ELEMENTS (KOHA)
Koha item type Books

No items available.